00546nam a22001697a 4500003000400000005001700004008004100021020001500062040000800077082001700085100002300102245007000125260007400195300001200269504004900281650004600330OSt20180827085932.0180827b ||||| |||| 00| 0 eng d a0947697799 cDLC a248.4bA642W aApichella, Michael aWhen Christians fail : bfinding a way forwardcMichael Apichella aGreat BritainbBritish Library Cataloguing in Publication Datacc1988 a189 p.: aIncludes Bibliography References (p.186-189) aFailure (Psychological)xReligious Aspect